000 01091nam a22003377a 4500
003 CHAP
005 20220329133325.0
008 971013s1986 r 00010 d
010 _a4917
011 _a5889
035 _a5105
040 _cCHAP
082 _a027.009
_bL33
100 0 0 _aLafuente López, Ramiro.
_964387
245 _aHistoria de las bibliotecas en Zacatecas
260 _aMéxico, D.F. :
_bDirección General de Bibliotecas,
_c1986
300 _a151 p.
_b: ilus
500 _a55-48
590 _aBATCH-UPD
_b10
_c20130110
_lUCH01
_h0108
590 _aBATCH-UPD
_b10
_c20130110
_lUCH01
_h2252
590 _aBATCH-UPD
_b10
_c20130409
_lUCH01
_h2059
590 _aBATCH-UPD
_b10
_c20130410
_lUCH01
_h1546
590 _aBATCH-UPD
_b10
_c20130914
_lUCH01
_h0622
590 _aCONVERSION
_b10
_c20130109
_lUCH01
_h1304
650 1 4 _aBibliotecas
_xHistoria.
_912514
650 1 4 _aBibliotecas
_xZacatecas.
_912539
710 0 _aPrograma Nacional de Bibliotecas Públicas. México.
_992333
901 _aBK
942 _cLIBRO
949 _a027.009 L33
_bBC
_cB
_d-14672
_eB
_h80241
_i5105
_mD
_si
999 _c4917
_d4917